书目信息 |
| 书名: | "Our crowd" | |
| 作者: | ||
| 分册号: | ||
| 分册名: | 出版地: | New York : |
|
| 出版社: | Harper & Row | |
| 出版时间: | [1967]. | |
| 页数: | xi, 479 p. : | |
| 开本: | 19 cm. | |
| 丛书名: | ||
| 中图分类号: | ||
| 科图分类号: | ||
| 其他分类号: | C913 | |
| 主题词: | ||
| 电子资源: | http://www.loc.gov/catdir/toc/fy053/66020725.html | |
| 000 | 01098cam a22003011 450 | |
| 001 | E0738808517 | |
| 005 | 20070719105238.83 | |
| 008 | 731212s1967 nyuachj 000 0 eng | |
| 010 | @a66020725 | |
| 035 | @A(DLC) 66020725 | |
| 040 | @aDLC@cDLC@dDLC | |
| 043 | @an-us-ny | |
| 050 | 00 | @aF128.9.J5@bB5 |
| 082 | 00 | @a301.45/29/607471 |
| 090 | @aC913 | |
| 099 | @dC913@ex268 | |
| 100 | 1 | @aBirmingham, Stephen. |
| 245 | 10 | @a"Our crowd" :@bthe great Jewish families of New York. |
| 250 | @a[1st ed.]. | |
| 260 | @aNew York :@bHarper & Row,@c[1967]. | |
| 300 | @axi, 479 p. :@billus., facsim., geneal. tables (on lining papers), ports. ;@c19 cm. | |
| 650 | 0 | @aJewish bankers@zNew York (State)@zNew York. |
| 650 | 0 | @aJews@zNew York (State)@zNew York@xSocial life and customs. |
| 650 | 0 | @aUpper class@zNew York (State)@zNew York. |
| 651 | 0 | @aNew York (N.Y.@xEthnic relations. |
| 856 | 41 | @3 Table of contents@uhttp://www.loc.gov/catdir/toc/fy053/66020725.html |
| 906 | @a7@bcbc@corignew@du@eocip@f19@gy-gencatlg | |
| 991 | @bc-GenColl@hF128.9.J5@iB5@p00001484709@tCopy 1@wBOOKS | |
| "Our crowd" : : the great Jewish families of New York.-[1st ed.].-New York : : Harper & Row, , [1967]. |
| xi, 479 p. : : illus., facsim., geneal. tables (on lining papers), ports. ; ; 19 cm. |
| ISBN |
| ● |
| 相关链接 |
|
|
|
|
正题名:Our crowd
索取号:C913/x268
 
预约/预借
| 序号 | 登录号 | 条形码 | 馆藏地/架位号 | 状态 | 备注 |
| 1 | 0013356 | 300133567 | 第二样本阅览室/ [索取号:C913/x268] | 在馆 |